| 000 | 00447nam a22001457a 4500 | ||
|---|---|---|---|
| 005 | 20231129145619.0 | ||
| 008 | 231129b |||||||| |||| 00| 0 eng d | ||
| 041 | _aEnglish | ||
| 082 | _a340.06 AIM | ||
| 100 | _lEnglish | ||
| 245 |
_aAim of the Course : _bCandidate attorneys should have a thorough knowledge of the law... |
||
| 300 |
_b63 pages ; _c31 cm. |
||
| 650 |
_aLegal practice _bLaw |
||
| 942 |
_cBK _6ALISON_BN_VRIES |
||
| 999 |
_c1064 _d1064 |
||